000
00294nam a22001337a 4500
003
SGT
020
_a
9781632422996
082
_a
613.20
_b
N15C
100
_a
CRAFT, ALISON, ED.
245
_a
NUTRITION HANDBOOK
260
_b
FOSTER ACADEMICS, NEW JERSEY
_c
201
300
_a
189
942
_2
ddc
_c
BK
999
_c
19798
_d
19798